El reino de este mundo /

Salvato in:
Dettagli Bibliografici
Autore principale: Carpentier, Alejo 1904-1980
Natura: Sconosciuto
Lingua:Spanish
Pubblicazione: Montevideo: Arca, c1966.
Edizione:6 edición
Serie:Calicanto
Soggetti:
Tags: Aggiungi Tag
Nessun Tag, puoi essere il primo ad aggiungerne!!

MARC

LEADER 000000000a22000000004500
001 000503
008 160509s1966 uy | ||| |||| 00| f spa d
040 |a CIICLA - UCR 
041 |a spa 
082 |a Cu863.4  |b C297r6 
100 1 |a Carpentier, Alejo  |d 1904-1980 
245 1 3 |a El reino de este mundo /  |c Alejo Carpentier, Alejo 
250 |a 6 edición 
260 |a Montevideo:   |b Arca,   |c c1966. 
300 |a 132 páginas 
490 1 |a Calicanto 
500 |a Número de inscripción 13810 
650 1 4 |a LITERATURA CUBANA  |v NOVELA 
942 |2 ddc  |c BK 
999 |c 1296  |d 1296